000 00297nam a22001097a 4500
082 _a341
_bKHO
100 _aKhokhar, Munir Ahmad
245 _aInternational Law /
_cMunir Ahmad Khokhar
260 _aLahore :
_bIrfan Law Book House,
_c2019.
300 _a1005 p. ;
_c24 cm.
942 _2ddc
_cBK
999 _c592617
_d592617